Материалы электронной техники: учебное пособие

מידע ביבליוגרפי
מחבר ראשי: Пасынков В. В. Владимир Васильевич
מחברים אחרים: Сорокин В. С. Валерий Сергеевич
שפה:רוסית
יצא לאור: Москва, Высшая школа, 1986
מהדורה:2-е изд., перераб. и доп.
נושאים:
פורמט: ספר
KOHA link:https://koha.lib.tpu.ru/cgi-bin/koha/opac-detail.pl?biblionumber=33439

MARC

LEADER 00000nam0a2200000 4500
001 33439
005 20231101210151.0
035 |a (RuTPU)RU\TPU\book\33780 
035 |a BOOK00000431 
090 |a 33439 
100 |a 20011210d1986 m y0rusy50 ca 
101 0 |a rus 
102 |a RU 
105 |a y j 000zy 
200 1 |a Материалы электронной техники  |e учебное пособие  |f В. В. Пасынков, В. С. Сорокин 
205 |a 2-е изд., перераб. и доп. 
210 |a Москва  |c Высшая школа  |d 1986 
215 |a 367 с. 
451 1 |0 (RuTPU)RU\TPU\book\39913  |y 5-8114-0409-3  |t Материалы электронной техники  |o учебник  |f В. В. Пасынков, В. С. Сорокин  |e 3-е изд.  |c Санкт-Петербург  |n Лань  |d 2001  |p 367 с.  |a Пасынков, Владимир Васильевич 
451 1 |0 (RuTPU)RU\TPU\book\33781  |t Материалы электронной техники  |o учебное пособие  |f В. В. Пасынков  |c Москва  |n Высшая школа  |d 1980  |p 406 с.  |a Пасынков, Владимир Васильевич 
606 |a Электронное приборостроение  |2 stltpush  |3 (RuTPU)RU\TPU\subj\20419  |9 45524 
610 1 |a электронная техника 
610 1 |a электронные приборы 
610 1 |a материалы 
610 1 |a технологии производства 
610 1 |a учебные пособия 
675 |a 621.38.002(075.8)  |v 3 
700 1 |a Пасынков  |b В. В.  |g Владимир Васильевич 
701 1 |a Сорокин  |b В. С.  |g Валерий Сергеевич 
801 0 |a RU  |b 63413507  |c 20011210  |g PSBO 
801 2 |a RU  |b 63413507  |c 20211201  |g PSBO 
900 |a Материалы и компоненты электронной техники 
942 |c BK